Ydigoras Fuentes : (Record no. 14082)
[ view plain ]
| 000 -CABECERA | |
|---|---|
| campo de control de longitud fija | 00747cam a2200217 a 4500 |
| 001 - NÚMERO DE CONTROL | |
| campo de control | 000014493 |
| 005 - FECHA Y HORA DE LA ÚLTIMA TRANSACCIÓN | |
| campo de control | 20200929163846.0 |
| 008 - DATOS DE LONGITUD FIJA--INFORMACIÓN GENERAL | |
| campo de control de longitud fija | 770217s1970 mx 000 |bspa |
| 040 ## - FUENTE DE LA CATALOGACIÓN | |
| Centro catalogador/agencia de origen | DO-SdBNP |
| Centro/agencia transcriptor | DLC |
| Centro/agencia modificador | DLC |
| 041 ## - CÓDIGO DE LENGUA | |
| Código de lengua del texto/banda sonora o título independiente | BNGR |
| 050 00 - SIGNATURA TOPOGRÁFICA DE LA BIBLIOTECA DEL CONGRESO | |
| Número de clasificación | F1466.5.Y3 |
| Número de documento/Ítem | Y3 |
| 082 ## - NÚMERO DE LA CLASIFICACIÓN DECIMAL DEWEY | |
| Número de clasificación | xxx |
| Número de documento/Ítem | F954C |
| 245 00 - MENCIÓN DE TÍTULO | |
| Título | Ydigoras Fuentes : |
| Resto del título | ante la faz de sus contemporaneos / |
| Mención de responsabilidad, etc. | Miguel Angel Cospin. |
| 260 ## - PUBLICACIÓN, DISTRIBUCIÓN, ETC. | |
| Lugar de publicación, distribución, etc. | México, D. F. : |
| Nombre del editor, distribuidor, etc. | Ley, |
| Fecha de publicación, distribución, etc. | c1970. |
| 300 ## - DESCRIPCIÓN FÍSICA | |
| Extensión | 159 p. ; |
| Dimensiones | 23 cm. |
| 600 20 - PUNTO DE ACCESO ADICIONAL DE MATERIA--NOMBRE DE PERSONA | |
| Nombre de persona | Miguel Angel Cospin |
| Subdivisión general | Miscellanea. |
| 9 (RLIN) | 32729 |
| 650 #0 - PUNTO DE ACCESO ADICIONAL DE MATERIA--TÉRMINO DE MATERIA | |
| Término de materia o nombre geográfico como elemento de entrada | Presidents |
| Subdivisión geográfica | Guatemala |
| Subdivisión general | Biography |
| -- | Miscellanea. |
| 9 (RLIN) | 32730 |
| 651 #0 - PUNTO DE ACCESO ADICIONAL DE MATERIA--NOMBRE GEOGRÁFICO | |
| Nombre geográfico | Guatemala |
| Subdivisión general | Politics And Government |
| Subdivisión cronológica | 1945-1985 |
| Subdivisión general | Miscellanea. |
| 9 (RLIN) | 32731 |
| 700 1# - PUNTO DE ACCESO ADICIONAL--NOMBRE DE PERSONA | |
| Nombre de persona | Cospin, Miguel Angel. |
| 9 (RLIN) | 32732 |
| 910 ## - DATOS DE OPCIÓN DEL USUARIO (OCLC) | |
| Datos de opción del usuario | Catalogación por copia / LC |
| Estado de retiro | Estado de pérdida | Restricciones de uso | No para préstamo | Código de colección | Localización permanente | Ubicación/localización actual | Ubicación en estantería | Fecha de adquisición | Número de inventario | Total de préstamos | Signatura topográfica completa | Código de barras | Fecha visto por última vez | Precio válido a partir de | Tipo de ítem Koha |
|---|---|---|---|---|---|---|---|---|---|---|---|---|---|---|---|
| Préstamo interno | Préstamo restrigido | Monografías: Libros y Folletos | General | General | En encuadernación | 11.01.2010 | LF1 | xxx F954C | 14493-10 | 25.06.2020 | 25.06.2020 | Préstamo interno |
